|
|
|
|
| LEADER |
00000nam0a2200000 4500 |
| 001 |
154978 |
| 005 |
20231031152144.0 |
| 010 |
|
|
|a 5256007289
|
| 020 |
|
|
|a RU
|b 91-38429
|
| 035 |
|
|
|a (RuTPU)RU\TPU\book\168091
|
| 090 |
|
|
|a 154978
|
| 100 |
|
|
|a 20090307d1991 m a0rusy5003 ca
|
| 101 |
0 |
|
|a rus
|
| 102 |
|
|
|a RU
|
| 105 |
|
|
|a a z 001zy
|
| 200 |
1 |
|
|a Последовательные методы в теории информационных систем
|f А. Г. Тартаковский
|
| 210 |
|
|
|a Москва
|c Радио и связь
|d 1991
|
| 215 |
|
|
|a 280 с.
|d 22 см
|
| 225 |
1 |
|
|a СТС
|e Статистическая теория связи
|v Вып. 33
|
| 320 |
|
|
|a Библиогр.: с. 275-280. (140 назв.)
|
| 610 |
1 |
|
|a электрические сигналы
|
| 610 |
1 |
|
|a информационные системы
|
| 610 |
1 |
|
|a обработка
|
| 610 |
1 |
|
|a статистические методы
|
| 675 |
|
|
|a 621.391:51
|z rus
|
| 700 |
|
1 |
|a Тартаковский
|b А. Г.
|g Александр Гергиевич
|4 070
|
| 801 |
|
0 |
|a RU
|b RuMRKP
|c 19950417
|g psbo
|
| 801 |
|
1 |
|a RU
|b 63413507
|c 20090307
|g PSBO
|
| 801 |
|
2 |
|a RU
|b 63413507
|c 20100330
|g PSBO
|
| 942 |
|
|
|c BK
|